[Event "FIDE WYCC 2016 U16 boys"]
[Site "Khanty Mansiysk"]
[Date "2016.09.26"]
[Round "5.8"]
[White "Laurent Paoli, Pierre"]
[Black "Tahbaz, Arash"]
[Result "1-0"]
[WhiteElo "2305"]
[BlackElo "2420"]
[Annotator "Reinhold Goldau"]
[PlyCount "116"]
[EventDate "2016.09.??"]
[EventType "swiss"]
[EventRounds "11"]
[EventCountry "RUS"]
[SourceTitle "Youth Database"]
[Source "CBase R.Goldau"]
[SourceDate "2000.03.01"]

1. d4 Nf6 2. c4 g6 3. Nc3 Bg7 4. e4 d6 5. f4 O-O 6. Nf3 c5 7. d5 e6 8. Be2 exd5
9. cxd5 b5 10. e5 dxe5 11. fxe5 Ng4 12. Bg5 Qb6 13. O-O Nxe5 14. Nxe5 c4+ 15.
Kh1 Bxe5 16. d6 Be6 17. Bf3 Nd7 18. Bxa8 Rxa8 19. Qf3 Rb8 20. Rad1 Qb7 21. Qe2
Qc6 22. Ne4 Bf5 23. Rxf5 gxf5 24. Ng3 Bxg3 25. hxg3 Qe4 26. Qd2 Ra8 27. Bh6 f6
28. Bf4 Kg7 29. Qa5 Qb7 30. Qc7 Qc8 31. Kh2 Kg6 32. a3 a6 33. Rd2 Kf7 34. Rd5
Ke6 35. Rd1 Qxc7 36. dxc7 Rc8 37. Rd6+ Ke7 38. Rxa6 Ne5 39. Rb6 Rxc7 40. Rxb5
Ng4+ 41. Kg1 Rc6 42. Bd2 Re6 43. Rxf5 Re2 44. Bc3 Rc2 45. Rf1 Kd6 46. Re1 Ne5
47. Rd1+ Kc6 48. a4 Kb6 49. Rf1 Nd3 50. Rxf6+ Kc5 51. Rf5+ Kc6 52. Rb5 Rc1+ 53.
Kh2 Ra1 54. g4 Rxa4 55. Rb8 Ra7 56. Kg3 Kd5 57. Rd8+ Kc6 58. Re8 Rf7 1-0

[Event "FIDE WYCC 2016 U16 boys"]
[Site "Khanty Mansiysk"]
[Date "2016.09.26"]
[Round "5.9"]
[White "Fakhrutdinov, Timur"]
[Black "Ozen, Bahadir"]
[Result "0-1"]
[WhiteElo "2419"]
[BlackElo "2304"]
[Annotator "Reinhold Goldau"]
[PlyCount "64"]
[EventDate "2016.09.??"]
[EventType "swiss"]
[EventRounds "11"]
[EventCountry "RUS"]
[SourceTitle "Youth Database"]
[Source "CBase R.Goldau"]
[SourceDate "2000.03.01"]

1. e4 d6 2. d4 Nf6 3. Nc3 e5 4. Nf3 Nbd7 5. Bc4 Be7 6. O-O O-O 7. a4 a5 8. Re1
c6 9. Ba2 exd4 10. Nxd4 Nc5 11. h3 Be6 12. Bxe6 fxe6 13. b3 Nfd7 14. Be3 Qe8
15. f4 d5 16. e5 g5 17. fxg5 Nxe5 18. Qe2 Qg6 19. Kh1 Ncd7 20. Rad1 Rae8 21. h4
h5 22. Nb1 Ng4 23. Qd3 Qxd3 24. Rxd3 Nc5 25. Rdd1 e5 26. Nf3 Ne4 27. Bb6 Nef2+
28. Kg1 Nxd1 29. Rxd1 e4 30. Nd4 Bd6 31. Nc3 Bh2+ 32. Kh1 Bg3 0-1

[Event "FIDE WYCC 2016 U16 boys"]
[Site "Khanty Mansiysk"]
[Date "2016.09.26"]
[Round "5.10"]
[White "Zhu, Yi"]
[Black "Saydaliev, Saidakbar"]
[Result "1-0"]
[WhiteElo "2296"]
[BlackElo "2403"]
[Annotator "Reinhold Goldau"]
[PlyCount "53"]
[EventDate "2016.09.??"]
[EventType "swiss"]
[EventRounds "11"]
[EventCountry "RUS"]
[SourceTitle "Youth Database"]
[Source "CBase R.Goldau"]
[SourceDate "2000.03.01"]

1. d4 Nf6 2. c4 e6 3. g3 d5 4. Nf3 Be7 5. Bg2 O-O 6. O-O dxc4 7. Qc2 a6 8. a4
Bd7 9. Rd1 Bc6 10. Nc3 Bxf3 11. Bxf3 Nc6 12. Bxc6 bxc6 13. a5 Rb8 14. Qa4 Rb4
15. Qxc6 Qd6 16. Qf3 Rfb8 17. e4 Qc6 18. d5 exd5 19. e5 Nd7 20. Qxd5 Nxe5 21.
Qxe5 Bd6 22. Nd5 Ra4 23. Ne7+ Bxe7 24. Qxe7 h6 25. Rxa4 Qxa4 26. Rd7 Rf8 27.
Be3 1-0

[Event "FIDE WYCC 2016 U16 boys"]
[Site "Khanty Mansiysk"]
[Date "2016.09.26"]
[Round "5.11"]
[White "Kevlishvili, Robby"]
[Black "Tran, Minh Thang"]
[Result "0-1"]
[WhiteElo "2402"]
[BlackElo "2293"]
[Annotator "Reinhold Goldau"]
[PlyCount "82"]
[EventDate "2016.09.??"]
[EventType "swiss"]
[EventRounds "11"]
[EventCountry "RUS"]
[SourceTitle "Youth Database"]
[Source "CBase R.Goldau"]
[SourceDate "2000.03.01"]

1. e4 c5 2. Nf3 e6 3. d4 cxd4 4. Nxd4 a6 5. Nc3 d6 6. Bd3 b5 7. Qe2 Bb7 8. O-O
Nf6 9. Bd2 Nbd7 10. b4 Ne5 11. a4 bxa4 12. Rxa4 Nxd3 13. cxd3 Be7 14. Nb3 Bc6
15. Raa1 O-O 16. Na5 Bd7 17. Rfc1 d5 18. e5 Ne8 19. Na4 Rc8 20. Rxc8 Qxc8 21.
Nb6 Qd8 22. Qe3 Bb5 23. Qd4 f6 24. f4 fxe5 25. fxe5 Nd6 26. g4 Nf7 27. Be3 Ng5
28. Bxg5 Bxg5 29. Rf1 Rxf1+ 30. Kxf1 Qc7 31. Nb3 Bd8 32. Na8 Qb7 33. Nc5 Qxa8
34. Nxe6 Be7 35. Nf4 Qc6 36. Nxd5 Qc1+ 37. Kf2 Qd2+ 38. Kg3 Bh4+ 39. Kxh4 Qxh2+
40. Kg5 Qh6+ 41. Kf5 Bxd3+ 0-1

[Event "FIDE WYCC 2016 U16 boys"]
[Site "Khanty Mansiysk"]
[Date "2016.09.26"]
[Round "5.12"]
[White "Livaic, Leon"]
[Black "Mirzoyan, David"]
[Result "1-0"]
[WhiteElo "2436"]
[BlackElo "2322"]
[Annotator "Reinhold Goldau"]
[PlyCount "79"]
[EventDate "2016.09.??"]
[EventType "swiss"]
[EventRounds "11"]
[EventCountry "RUS"]
[SourceTitle "Youth Database"]
[Source "CBase R.Goldau"]
[SourceDate "2000.03.01"]

1. d4 Nf6 2. c4 e6 3. Nc3 Bb4 4. f3 c5 5. d5 d6 6. e4 O-O 7. Nge2 b5 8. Nf4
exd5 9. cxd5 a6 10. Be2 Nbd7 11. O-O c4 12. Be3 Qc7 13. Qd2 Bc5 14. Rfb1 Ne5
15. Kh1 Bxe3 16. Qxe3 h6 17. Bf1 b4 18. Nd1 Nfd7 19. Rc1 a5 20. Nd3 f5 21. exf5
Rxf5 22. f4 Ba6 23. N1f2 Nf7 24. Qe4 g6 25. Ng4 Qd8 26. Ndf2 Nf6 27. Qe6 Kg7
28. Bxc4 Bc8 29. Qe3 h5 30. Nxf6 Qxf6 31. Ne4 Qe7 32. Qd4+ Kh7 33. Ng3 Rf6 34.
Re1 Qd8 35. Bd3 Bg4 36. h3 h4 37. Ne4 Rxf4 38. hxg4 Ne5 39. Rf1 Rxg4 40. Be2
1-0

[Event "FIDE WYCC 2016 U16 boys"]
[Site "Khanty Mansiysk"]
[Date "2016.09.26"]
[Round "5.13"]
[White "Hilby, Craig"]
[Black "Gholami, Aryan"]
[Result "1/2-1/2"]
[WhiteElo "2319"]
[BlackElo "2435"]
[Annotator "Reinhold Goldau"]
[PlyCount "55"]
[EventDate "2016.09.??"]
[EventType "swiss"]
[EventRounds "11"]
[EventCountry "RUS"]
[SourceTitle "Youth Database"]
[Source "CBase R.Goldau"]
[SourceDate "2000.03.01"]

1. e4 c5 2. Nf3 e6 3. d4 cxd4 4. Nxd4 a6 5. c4 Nf6 6. Nc3 Bb4 7. Qd3 d6 8. Nc2
Bxc3+ 9. Qxc3 e5 10. f3 Nc6 11. Be2 Be6 12. b3 Rc8 13. Qd2 O-O 14. Ba3 Ne8 15.
O-O Rc7 16. Kh1 f5 17. f4 fxe4 18. fxe5 Rxf1+ 19. Rxf1 Nxe5 20. Qd4 Rf7 21.
Rxf7 Bxf7 22. Qxe4 Qc7 23. Bb2 Nf6 24. Qd4 Bg6 25. Nb4 Be4 26. Nd3 Nxd3 27.
Bxd3 Bxd3 28. Qxd3 1/2-1/2

[Event "FIDE WYCC 2016 U16 boys"]
[Site "Khanty Mansiysk"]
[Date "2016.09.26"]
[Round "5.14"]
[White "Nguyen, Dang Hong Phuc"]
[Black "Nikitenko, Mihail"]
[Result "1/2-1/2"]
[WhiteElo "2209"]
[BlackElo "2399"]
[Annotator "Reinhold Goldau"]
[PlyCount "81"]
[EventDate "2016.09.??"]
[EventType "swiss"]
[EventRounds "11"]
[EventCountry "RUS"]
[SourceTitle "Youth Database"]
[Source "CBase R.Goldau"]
[SourceDate "2000.03.01"]

1. d4 Nf6 2. Nf3 g6 3. g3 Bg7 4. Bg2 O-O 5. c4 c6 6. O-O d6 7. Nc3 Qa5 8. e4 e5
9. h3 Nbd7 10. Re1 exd4 11. Nxd4 Re8 12. Be3 Ne5 13. Bf1 Be6 14. Nxe6 Rxe6 15.
Kg2 Rae8 16. Rb1 a6 17. Qd2 b5 18. b4 Qc7 19. cxb5 axb5 20. f3 h5 21. Bf2 Nh7
22. Rbc1 Qb7 23. Ne2 Nc4 24. Qc2 d5 25. Nf4 R6e7 26. Bc5 dxe4 27. Bxe7 exf3+
28. Kh2 Rxe7 29. Bxc4 bxc4 30. Qxc4 Ng5 31. h4 Rxe1 32. Rxe1 Qd7 33. Qd3 Qa7
34. Qc2 f2 35. Re8+ Kh7 36. Kg2 Qd7 37. Re2 Nf3 38. Kxf2 Qg4 39. Re4 Bd4+ 40.
Rxd4 Nxd4 41. Qd3 1/2-1/2

[Event "FIDE WYCC 2016 U16 boys"]
[Site "Khanty Mansiysk"]
[Date "2016.09.26"]
[Round "5.15"]
[White "Makhnyov, Denis"]
[Black "Agmanov, Zhandos"]
[Result "1/2-1/2"]
[WhiteElo "2375"]
[BlackElo "2316"]
[Annotator "Reinhold Goldau"]
[PlyCount "48"]
[EventDate "2016.09.??"]
[EventType "swiss"]
[EventRounds "11"]
[EventCountry "RUS"]
[SourceTitle "Youth Database"]
[Source "CBase R.Goldau"]
[SourceDate "2000.03.01"]

1. d4 Nf6 2. c4 e6 3. Nf3 Bb4+ 4. Nbd2 a5 5. a3 Be7 6. g3 d5 7. Bg2 O-O 8. O-O
c6 9. Qc2 b6 10. e4 Ba6 11. e5 Ne8 12. Rd1 Nd7 13. b3 Rc8 14. Nf1 a4 15. Ne3
axb3 16. Qxb3 Nc7 17. a4 dxc4 18. Nxc4 Nd5 19. Bg5 Bxc4 20. Qxc4 c5 21. Bxe7
Nxe7 22. Ng5 h6 23. Ne4 cxd4 24. Qxd4 Nc5 1/2-1/2

[Event "FIDE WYCC 2016 U16 boys"]
[Site "Khanty Mansiysk"]
[Date "2016.09.26"]
[Round "5.16"]
[White "Lodici, Lorenzo"]
[Black "Askerov, Marat"]
[Result "1/2-1/2"]
[WhiteElo "2359"]
[BlackElo "2299"]
[Annotator "Reinhold Goldau"]
[PlyCount "53"]
[EventDate "2016.09.??"]
[EventType "swiss"]
[EventRounds "11"]
[EventCountry "RUS"]
[SourceTitle "Youth Database"]
[Source "CBase R.Goldau"]
[SourceDate "2000.03.01"]

1. d4 e6 2. c4 Nf6 3. Nc3 Bb4 4. e3 O-O 5. Bd3 d5 6. Nf3 c5 7. O-O dxc4 8. Bxc4
Nbd7 9. Qe2 cxd4 10. exd4 b6 11. Bg5 Bxc3 12. bxc3 Qc7 13. Rac1 Bb7 14. Bd3 h6
15. Bh4 Nh5 16. Bb1 Qf4 17. Bg3 Bxf3 18. gxf3 Nxg3 19. hxg3 Qd6 20. Rfd1 Rac8
21. c4 Nf6 22. f4 g6 23. Qe5 Qd8 24. d5 exd5 25. cxd5 Rxc1 26. Rxc1 Re8 27. Qd4
1/2-1/2

[Event "FIDE WYCC 2016 U16 boys"]
[Site "Khanty Mansiysk"]
[Date "2016.09.26"]
[Round "5.17"]
[White "Carnicelli, Valerio"]
[Black "Mustafin, Andrey"]
[Result "1/2-1/2"]
[WhiteElo "2329"]
[BlackElo "2242"]
[Annotator "Reinhold Goldau"]
[PlyCount "68"]
[EventDate "2016.09.??"]
[EventType "swiss"]
[EventRounds "11"]
[EventCountry "RUS"]
[SourceTitle "Youth Database"]
[Source "CBase R.Goldau"]
[SourceDate "2000.03.01"]

1. e4 e5 2. Nf3 Nc6 3. Bc4 Bc5 4. b4 Bxb4 5. c3 Be7 6. d4 Na5 7. Nxe5 Nxc4 8.
Nxc4 d5 9. exd5 Nf6 10. Qa4+ Bd7 11. Qb3 Nxd5 12. Qxb7 Nb6 13. Nxb6 axb6 14.
Bf4 Rc8 15. O-O O-O 16. Nd2 Be6 17. Qf3 Qd7 18. Qg3 Kh8 19. Rfe1 c6 20. h3 b5
21. Ne4 Ra8 22. Re2 Bc4 23. Re3 Bxa2 24. Bd6 Bxd6 25. Qxd6 Qxd6 26. Nxd6 Be6
27. Rae1 h6 28. f4 Rfd8 29. Nb7 Rdb8 30. Nc5 Bd5 31. R1e2 Kh7 32. Kf2 Ra1 33.
Kg3 b4 34. cxb4 Rd1 1/2-1/2

[Event "FIDE WYCC 2016 U16 boys"]
[Site "Khanty Mansiysk"]
[Date "2016.09.26"]
[Round "5.18"]
[White "Doluweera, Minul Sanjula"]
[Black "Fawzy, Adham"]
[Result "1/2-1/2"]
[WhiteElo "2127"]
[BlackElo "2451"]
[Annotator "Reinhold Goldau"]
[PlyCount "53"]
[EventDate "2016.09.??"]
[EventType "swiss"]
[EventRounds "11"]
[EventCountry "RUS"]
[SourceTitle "Youth Database"]
[Source "CBase R.Goldau"]
[SourceDate "2000.03.01"]

1. c4 Nf6 2. Nc3 c5 3. Nf3 e6 4. g3 b6 5. Bg2 Bb7 6. d4 cxd4 7. Qxd4 Bc5 8. Qd3
O-O 9. O-O Nc6 10. e4 d5 11. e5 Ng4 12. cxd5 Ngxe5 13. Nxe5 Nxe5 14. Qe2 Qf6
15. Ne4 Qf5 16. Nxc5 bxc5 17. Re1 Ng6 18. dxe6 Bxg2 19. Kxg2 fxe6 20. Qxe6+ Qf7
21. Qe2 Rac8 22. Be3 Qd5+ 23. f3 Rf7 24. Rad1 Qb7 25. Kf2 Ne5 26. f4 c4 27. Bc5
1/2-1/2

[Event "FIDE WYCC 2016 U16 boys"]
[Site "Khanty Mansiysk"]
[Date "2016.09.26"]
[Round "5.19"]
[White "Raghunandan, Kaumandur Srihari"]
[Black "Anaskin, Arsenij"]
[Result "1-0"]
[WhiteElo "2451"]
[BlackElo "2153"]
[Annotator "Reinhold Goldau"]
[PlyCount "163"]
[EventDate "2016.09.??"]
[EventType "swiss"]
[EventRounds "11"]
[EventCountry "RUS"]
[SourceTitle "Youth Database"]
[Source "CBase R.Goldau"]
[SourceDate "2000.03.01"]

1. d4 Nf6 2. Nf3 e6 3. c4 Bb4+ 4. Nbd2 O-O 5. a3 Be7 6. e4 d5 7. e5 Nfd7 8. Bd3
c5 9. Qc2 g6 10. O-O Nc6 11. Re1 Nxd4 12. Nxd4 cxd4 13. cxd5 exd5 14. Nb3 Qb6
15. Bh6 Re8 16. e6 Nf6 17. exf7+ Kxf7 18. Bf4 Bf5 19. Bxf5 gxf5 20. Be5 Rac8
21. Qd3 Ne4 22. Bxd4 Qg6 23. f3 Ng5 24. Be5 Rcd8 25. Rad1 Rg8 26. g3 f4 27.
Qxg6+ Rxg6 28. Nd4 fxg3 29. hxg3 Rd7 30. Kf2 Bf6 31. Bxf6 Rxf6 32. Kg2 Rb6 33.
b4 Ne6 34. Re3 Ra6 35. Nb5 Ra4 36. Ra1 Ra6 37. Rc1 Ra4 38. Ra1 Ra6 39. Rd3 Rc6
40. Nxa7 Rc2+ 41. Kf1 d4 42. Rad1 Rd5 43. b5 Rh5 44. R1d2 Rc1+ 45. Kg2 Rg5 46.
Kf2 Rh5 47. f4 Kf6 48. Kf3 Rhh1 49. b6 Rhf1+ 50. Rf2 Rb1 51. Rxf1 Rxf1+ 52. Ke2
Rb1 53. Nc8 h5 54. Kf3 Rf1+ 55. Ke2 Rb1 56. Kf3 Rf1+ 57. Kg2 Rxf4 58. Nd6 Ke5
59. Nxb7 Rf7 60. Na5 Nc5 61. Rd1 Kd5 62. Rb1 Nb7 63. Nxb7 Rxb7 64. a4 Kc6 65.
a5 Rb8 66. Kf3 Kb7 67. Ke4 Rd8 68. Rb3 Rd7 69. Kd3 Rd5 70. a6+ Kb8 71. a7+ Kb7
72. Ra3 Rd8 73. a8=Q+ Rxa8 74. Rxa8 Kxa8 75. Kxd4 Kb7 76. Ke5 Kxb6 77. Kf5 Kc6
78. Kg6 Kd6 79. Kxh5 Ke5 80. Kg6 Ke6 81. g4 Ke5 82. g5 1-0

[Event "FIDE WYCC 2016 U16 boys"]
[Site "Khanty Mansiysk"]
[Date "2016.09.26"]
[Round "5.20"]
[White "Koziol, Kamil"]
[Black "Yordanov, Lachezar"]
[Result "0-1"]
[WhiteElo "2212"]
[BlackElo "2300"]
[Annotator "Reinhold Goldau"]
[PlyCount "158"]
[EventDate "2016.09.??"]
[EventType "swiss"]
[EventRounds "11"]
[EventCountry "RUS"]
[SourceTitle "Youth Database"]
[Source "CBase R.Goldau"]
[SourceDate "2000.03.01"]

1. e4 c6 2. d4 d5 3. Nc3 dxe4 4. Nxe4 Bf5 5. Ng3 Bg6 6. Nh3 e6 7. Nf4 Bd6 8. h4
Qc7 9. Nxg6 hxg6 10. Ne4 Bf4 11. Bxf4 Qxf4 12. Qd3 Nf6 13. Nxf6+ Qxf6 14. g3
Nd7 15. f4 Qf5 16. O-O-O Qd5 17. Be2 Qxa2 18. Qa3 Qxa3 19. bxa3 Nf6 20. Bf3
O-O-O 21. c3 Nd5 22. Bxd5 Rxd5 23. Rde1 c5 24. Re5 Rh5 25. Rd1 Kd7 26. Kc2 cxd4
27. cxd4 f6 28. Rxd5+ Rxd5 29. Rb1 b6 30. Kc3 g5 31. hxg5 fxg5 32. Rh1 gxf4 33.
gxf4 Ra5 34. Rg1 Rxa3+ 35. Kb4 Ra5 36. Rxg7+ Kd6 37. Rf7 Ra1 38. f5 exf5 39.
Rxf5 a5+ 40. Kc3 Rb1 41. Kc2 Re1 42. Kd2 Re8 43. Kc3 Rc8+ 44. Kb3 Rc1 45. Rh5
Kc6 46. Rg5 b5 47. Rg6+ Kb7 48. Rg7+ Kb6 49. Rg6+ Rc6 50. Rg8 a4+ 51. Ka3 Rc3+
52. Kb2 Rd3 53. Rd8 Ka5 54. Kc2 Rg3 55. d5 Kb4 56. d6 Rg2+ 57. Kc1 Rg5 58. d7
Rd5 59. Kb2 a3+ 60. Kc2 Rd6 61. Rh8 Rxd7 62. Rh4+ Ka5 63. Kb3 Rd3+ 64. Ka2 Rg3
65. Rf4 b4 66. Rf5+ Ka4 67. Rf4 Rd3 68. Rh4 Rd2+ 69. Kb1 Re2 70. Rg4 Rd2 71.
Rh4 Kb3 72. Rh3+ Kc4 73. Rh4+ Kc3 74. Rh3+ Rd3 75. Rh1 b3 76. Ka1 Re3 77. Rd1
Kc2 78. Rc1+ Kd2 79. Rc2+ bxc2 0-1

[Event "FIDE WYCC 2016 U16 boys"]
[Site "Khanty Mansiysk"]
[Date "2016.09.26"]
[Round "5.21"]
[White "Den Hartog, Marijn"]
[Black "Tiglon, Bryce"]
[Result "0-1"]
[WhiteElo "2190"]
[BlackElo "2292"]
[Annotator "Reinhold Goldau"]
[PlyCount "72"]
[EventDate "2016.09.??"]
[EventType "swiss"]
[EventRounds "11"]
[EventCountry "RUS"]
[SourceTitle "Youth Database"]
[Source "CBase R.Goldau"]
[SourceDate "2000.03.01"]

1. e4 c5 2. Nf3 d6 3. d4 cxd4 4. Nxd4 Nf6 5. Nc3 a6 6. g3 e5 7. Nf3 Be7 8. Bg2
b5 9. O-O Bb7 10. Bg5 Nbd7 11. Bh3 Nxe4 12. Nxe4 Bxe4 13. Bxe7 Qxe7 14. Re1 Bb7
15. Bxd7+ Qxd7 16. Nxe5 dxe5 17. Rxe5+ Kd8 18. Qh5 g6 19. Qg5+ Kc8 20. Rae1 Rd8
21. Rc5+ Kb8 22. c4 Re8 23. Rce5 Rxe5 24. Qxe5+ Qc7 25. Qd4 Bc6 26. Qc5 Bd7 27.
Qf8+ Kb7 28. Qxf7 bxc4 29. Qxh7 Re8 30. Rc1 Qc6 31. Qh4 Re2 32. Qd4 a5 33. Kf1
Re8 34. Kg1 Bh3 35. f3 Qxf3 36. Qg7+ Ka8 0-1

[Event "FIDE WYCC 2016 U16 boys"]
[Site "Khanty Mansiysk"]
[Date "2016.09.26"]
[Round "5.22"]
[White "Nurzhanov, Timur"]
[Black "Mitrabha, Guha"]
[Result "1/2-1/2"]
[WhiteElo "2087"]
[BlackElo "2286"]
[Annotator "Reinhold Goldau"]
[PlyCount "39"]
[EventDate "2016.09.??"]
[EventType "swiss"]
[EventRounds "11"]
[EventCountry "RUS"]
[SourceTitle "Youth Database"]
[Source "CBase R.Goldau"]
[SourceDate "2000.03.01"]

1. d4 e6 2. c4 Nf6 3. Nc3 Bb4 4. g3 O-O 5. Bg2 Bxc3+ 6. bxc3 d6 7. Ba3 Nbd7 8.
Nf3 Rb8 9. Qa4 a6 10. c5 b5 11. Qc2 Qe7 12. cxd6 cxd6 13. Ne5 Bb7 14. Bxb7 Nxe5
15. dxe5 Qxb7 16. O-O Ne4 17. exd6 Rfd8 18. Bb4 Nf6 19. a4 Nd5 20. Qd3 1/2-1/2

[Event "FIDE WYCC 2016 U16 boys"]
[Site "Khanty Mansiysk"]
[Date "2016.09.26"]
[Round "5.23"]
[White "D`avino, Gianfranco"]
[Black "Banzea, Alexandru Bogdan"]
[Result "0-1"]
[WhiteElo "2085"]
[BlackElo "2284"]
[Annotator "Reinhold Goldau"]
[PlyCount "90"]
[EventDate "2016.09.??"]
[EventType "swiss"]
[EventRounds "11"]
[EventCountry "RUS"]
[SourceTitle "Youth Database"]
[Source "CBase R.Goldau"]
[SourceDate "2000.03.01"]

1. d4 Nf6 2. c4 g6 3. g3 c6 4. Bg2 d5 5. cxd5 cxd5 6. Nf3 Bg7 7. O-O O-O 8. Nc3
Ne4 9. Nxe4 dxe4 10. Ne5 Qd5 11. Qa4 b5 12. Qb4 Na6 13. Qxe7 Be6 14. Be3 Rfe8
15. Qh4 f5 16. f3 exf3 17. Bxf3 Qd6 18. Bxa8 Rxa8 19. a3 Re8 20. Rac1 Bd5 21.
Qf4 Bb7 22. Rfd1 b4 23. a4 b3 24. Rd2 Nb4 25. Nf3 Qe6 26. Ne5 Nd5 27. Qf3 Ba8
28. Bf4 Nf6 29. Qd3 Ne4 30. Rdd1 g5 31. Be3 f4 32. gxf4 Bxe5 33. dxe5 Qg4+ 34.
Kf1 Qh3+ 35. Kg1 Nd2 36. Kf2 Qh4+ 37. Kg1 Qg4+ 38. Kf2 Ne4+ 39. Kf1 Qh3+ 40.
Kg1 Nc3 41. Kf2 Qxh2+ 42. Ke1 Qh1+ 43. Kf2 Ne4+ 44. Qxe4 Qxe4 45. Rg1 Qxf4+ 0-1

[Event "FIDE WYCC 2016 U16 boys"]
[Site "Khanty Mansiysk"]
[Date "2016.09.26"]
[Round "5.24"]
[White "Stabulnieks, Klavs"]
[Black "Roshka, Yevgeniy"]
[Result "1-0"]
[WhiteElo "2069"]
[BlackElo "2275"]
[Annotator "Reinhold Goldau"]
[PlyCount "117"]
[EventDate "2016.09.??"]
[EventType "swiss"]
[EventRounds "11"]
[EventCountry "RUS"]
[SourceTitle "Youth Database"]
[Source "CBase R.Goldau"]
[SourceDate "2000.03.01"]

1. d4 Nf6 2. c4 e6 3. Nc3 Bb4 4. f3 d5 5. a3 Bxc3+ 6. bxc3 c5 7. cxd5 Nxd5 8.
dxc5 Qa5 9. e4 Nxc3 10. Qd2 Nc6 11. Bb2 Na4 12. Qxa5 Nxa5 13. Bxg7 Rg8 14. Bf6
Nxc5 15. g4 b6 16. h4 Ba6 17. Bxa6 Nxa6 18. Nh3 Nc5 19. Nf4 Kd7 20. Ke2 Nc4 21.
Rhb1 Kc6 22. g5 b5 23. h5 Nd7 24. h6 Nxf6 25. gxf6 Rg5 26. Rg1 Rag8 27. Rxg5
Rxg5 28. a4 a5 29. axb5+ Kxb5 30. Rb1+ Kc6 31. Rc1 Kb5 32. Rb1+ Ka6 33. Nxe6
Rg2+ 34. Kd3 Ne5+ 35. Kd4 Nxf3+ 36. Ke3 Ne5 37. Nc5+ Ka7 38. Kd4 Nc6+ 39. Kd5
Nb4+ 40. Kd6 Rd2+ 41. Ke7 Rc2 42. Nd7 Rd2 43. Ne5 Re2 44. Kxf7 Rxe4 45. Kg7
Rxe5 46. f7 Rf5 47. f8=Q Rxf8 48. Kxf8 Nc2 49. Kg7 Ne3 50. Kxh7 Ng4 51. Kg7
Nxh6 52. Kxh6 Ka6 53. Kg5 a4 54. Kf4 Ka5 55. Ke3 a3 56. Kd2 Ka4 57. Kc2 a2 58.
Ra1 Ka3 59. Kc3 1-0

[Event "FIDE WYCC 2016 U16 boys"]
[Site "Khanty Mansiysk"]
[Date "2016.09.26"]
[Round "5.25"]
[White "Cadilhac, Igor Tokuichi Kikuc"]
[Black "Savic, Mihailo S"]
[Result "1/2-1/2"]
[WhiteElo "2269"]
[BlackElo "2067"]
[Annotator "Reinhold Goldau"]
[PlyCount "98"]
[EventDate "2016.09.??"]
[EventType "swiss"]
[EventRounds "11"]
[EventCountry "RUS"]
[SourceTitle "Youth Database"]
[Source "CBase R.Goldau"]
[SourceDate "2000.03.01"]

1. e4 e6 2. d4 d5 3. Nc3 Nf6 4. e5 Nfd7 5. f4 c5 6. Nf3 Nc6 7. Be3 cxd4 8. Nxd4
Bc5 9. Qd2 O-O 10. O-O-O a6 11. Qf2 Nxd4 12. Bxd4 Qc7 13. Bd3 Bxd4 14. Qxd4 b5
15. h4 Rb8 16. h5 b4 17. Ne2 Qc5 18. Rh3 Bb7 19. Qxc5 Nxc5 20. Nd4 a5 21. Rg3
Kh8 22. Re3 Rbc8 23. g4 Ba6 24. Bxa6 Nxa6 25. Nb5 Rc4 26. Rf1 Nc5 27. Nd6 Rd4
28. g5 Kg8 29. Re2 Rb8 30. h6 g6 31. Rd2 Rxd2 32. Kxd2 Kf8 33. Rf3 Ke7 34. b3
Nb7 35. Nxb7 Rxb7 36. Rd3 Rc7 37. Rd4 Kd7 38. a3 Rb7 39. axb4 axb4 40. c3 bxc3+
41. Kxc3 Kc7 42. Ra4 Kb8 43. Ra6 Rc7+ 44. Kb2 Kb7 45. Ra5 Rc6 46. Ra4 Ra6 47.
Rb4+ Rb6 48. Rd4 Rc6 49. Rb4+ Rb6 1/2-1/2

[Event "FIDE WYCC 2016 U16 boys"]
[Site "Khanty Mansiysk"]
[Date "2016.09.26"]
[Round "5.26"]
[White "Villca, Julian"]
[Black "Thilakarathne, G M S."]
[Result "0-1"]
[WhiteElo "2234"]
[BlackElo "1900"]
[Annotator "Reinhold Goldau"]
[PlyCount "68"]
[EventDate "2016.09.??"]
[EventType "swiss"]
[EventRounds "11"]
[EventCountry "RUS"]
[SourceTitle "Youth Database"]
[Source "CBase R.Goldau"]
[SourceDate "2000.03.01"]

1. c4 Nf6 2. Nf3 e6 3. g3 d5 4. Bg2 Be7 5. O-O O-O 6. b3 c5 7. Bb2 Nc6 8. cxd5
Nxd5 9. Nc3 Bf6 10. Qc1 Nxc3 11. Bxc3 e5 12. d3 Bg4 13. h3 Be6 14. Bb2 b6 15.
Nd2 Rc8 16. Ne4 Nd4 17. Qd1 b5 18. Nd2 Qd7 19. Kh2 Be7 20. Rc1 f5 21. e3 Nc6
22. Bxc6 Rxc6 23. Nf3 Bd6 24. Bxe5 f4 25. Bxd6 Qxd6 26. exf4 Rxf4 27. Ng5 Bd5
28. Qh5 h6 29. gxf4 Qxf4+ 30. Kg1 hxg5 31. Rce1 Rh6 32. Re8+ Kh7 33. Qe2 Bf3
34. Qc2 Qg4+ 0-1

[Event "FIDE WYCC 2016 U16 boys"]
[Site "Khanty Mansiysk"]
[Date "2016.09.26"]
[Round "5.27"]
[White "Svidersky, Nikita"]
[Black "Trubchaninov, Timur"]
[Result "0-1"]
[WhiteElo "1979"]
[BlackElo "2233"]
[Annotator "Reinhold Goldau"]
[PlyCount "80"]
[EventDate "2016.09.??"]
[EventType "swiss"]
[EventRounds "11"]
[EventCountry "RUS"]
[SourceTitle "Youth Database"]
[Source "CBase R.Goldau"]
[SourceDate "2000.03.01"]

1. e4 e5 2. Nf3 Nc6 3. Bb5 g6 4. c3 Bg7 5. d4 exd4 6. cxd4 a6 7. Bxc6 dxc6 8.
Nc3 Ne7 9. Be3 Bg4 10. h3 Be6 11. O-O O-O 12. Qd2 f5 13. e5 Qd7 14. Rfd1 Nd5
15. Nxd5 Bxd5 16. Ne1 Qf7 17. f4 Bxa2 18. Nd3 Rfd8 19. Rdc1 Bf8 20. b4 Bc4 21.
Nc5 b6 22. Qc3 Bb5 23. Nxa6 Rxa6 24. Rxa6 Bxa6 25. Qxc6 Qb3 26. Rc3 Bb7 27.
Rxb3 Bxc6 28. Rc3 Bd5 29. Rxc7 Bxb4 30. Bf2 b5 31. Bh4 Rb8 32. Rd7 Be6 33. Rc7
Bf8 34. Be1 b4 35. Rc1 b3 36. Bc3 b2 37. Bxb2 Rxb2 38. Rc6 Bd5 39. Rc8 Rxg2+
40. Kf1 Rd2 0-1

[Event "FIDE WYCC 2016 U16 boys"]
[Site "Khanty Mansiysk"]
[Date "2016.09.26"]
[Round "5.28"]
[White "Mohammad, Fahim"]
[Black "Poleg, Dan"]
[Result "1/2-1/2"]
[WhiteElo "2090"]
[BlackElo "2321"]
[Annotator "Reinhold Goldau"]
[PlyCount "74"]
[EventDate "2016.09.??"]
[EventType "swiss"]
[EventRounds "11"]
[EventCountry "RUS"]
[SourceTitle "Youth Database"]
[Source "CBase R.Goldau"]
[SourceDate "2000.03.01"]

1. Nf3 d5 2. g3 Nf6 3. Bg2 c6 4. c4 Bg4 5. Ne5 Be6 6. O-O Nbd7 7. cxd5 Bxd5 8.
Nf3 e5 9. Nc3 Bxf3 10. Bxf3 Bc5 11. Rb1 a5 12. a3 Qe7 13. d3 Nb6 14. Na4 Nxa4
15. Qxa4 O-O 16. Qc4 Nd7 17. b4 axb4 18. axb4 Ra4 19. Bd2 Rfa8 20. Qb3 Ra3 21.
Qd1 Bd4 22. b5 Qe6 23. Qc1 Bc5 24. bxc6 bxc6 25. Rb7 Ra2 26. Rd1 R8a7 27. Rxd7
Bxf2+ 28. Kxf2 Rxd7 29. Qxc6 Qxc6 30. Bxc6 Rd6 31. Bf3 h6 32. Bc3 f6 33. Ke3
Ra7 34. Rb1 Rd8 35. Rb5 g6 36. Bb4 Kg7 37. Rb6 Rc8 1/2-1/2